000 00717nam a22001937a 4500
999 _c372187
_d372187
008 201127b ||||| |||| 00| 0 eng d
040 _aDE-2950
_bger
_cDE-2950
_erda
041 _ager
245 _aTom S. bleibt in Untersuchungshaft.
_bLandgericht. Der Prozess gegen den Mann, der sein Kind totgeschüttelt haben soll, zieht sich weiter in die Länge. /
_csam.
264 _c2023
653 _aFrankfurt (Oder)
653 _aLandgericht
653 _aMord
773 _dFrankfurt (Oder) Märkisches Verlags- und Druckhaus GmbH & Co KG
_tMärkische Oderzeitung
_g34. Jahrgang (2023) Nr. 25 vom 30.01.2023, S.13: Mit Foto
942 _cA